000 00246nam a2200109Ia 4500
008 231212s1976 xx 000 0 und d
041 _aeng
082 _a621.38
100 _aGawaskar
245 _aWorkshop Guide
260 _aDadar
_bNew Hei
_c1976
999 _c957911
_d957911